Meilleurs buteurs de l'histoire de la LNH - Statistiques

Statistiques générales
  • Ce quiz a été pris 52 fois
  • Le résultat moyen est 12 sur 30
Statistiques - réponses
Nombre de but Nom du joueur % Correct
625 Sidney Crosby
94%
894 Wayne Gretzky
94%
897 Alex Ovechkin
91%
690 Mario Lemieux
75%
560 Guy Lafleur
69%
610 Bobby Hull
56%
741 Brett Hull
56%
766 Jaromir Jagr
56%
801 Gordie Howe
50%
694 Mark Messier
44%
625 Joe Sakic
41%
564 Mats Sundin
38%
692 Steve Yzerman
34%
668 Luc Robitaille
31%
573 Mike Bossy
31%
717 Phil Esposito
31%
582 Steven Stamkos
31%
601 Jari Kurri
28%
731 Marcel Dionne
28%
561 Mike Modano
28%
684 Teemu Selane
25%
625 Jarome Iginla
22%
566 Patrick Marleau
22%
656 Brendan Shanahan
19%
640 Dave Andreychuk
19%
708 Mike Gartner
16%
564 Joe Nieuwendyk
13%
577 Mark Recchi
13%
608 Dino Ciccarelli
6%
556 Johnny Bucyk
6%
Aucun quiz correspondant
Distribution des résultats
% des personnes avec chaque résultat
Percentile par nombre de réponses
Votre historique - résultats
Vous n’avez pas pris ce quiz